| 000 | 01014nam a2200301Ia 4500 | ||
|---|---|---|---|
| 005 | 20220317001906.0 | ||
| 008 | 170410s2015 c g 000 f s | ||
| 020 | _a9789588894089 | ||
| 041 | _aspa | ||
| 100 | 1 |
_aGarcía Márquez, Gabriel _d1928-2014 |
|
| 245 | 1 | 3 |
_aEl amor en los tiempos del cólera _cGabriel García Márquez |
| 250 | _aPrimera reimpresión | ||
| 300 |
_a494 páginas _c24 cm |
||
| 490 | _aLiteratura Random House | ||
| 500 | _aIncluye datos biográficos del autor | ||
| 650 | 1 | 4 |
_2LEMB _aNovela colombiana _ySiglo XX |
| 650 | 1 | 4 |
_2LEMB _aLiteratura colombiana _ySiglo XX |
| 650 | 1 | 4 |
_2LEMB _aRealismo mágico en la literatura |
| 650 | 1 | 4 |
_2LEMB _aAmor en la literatura |
| 651 | 4 |
_aMagdalena (rio, colombia) _vNovela _978690 |
|
| 942 |
_2loc _cBKLIT |
||
| 264 |
_aBogotá _bPenguin Random House _c2015 |
||
| 336 |
_atexto _btxt _2rdacontent |
||
| 337 |
_asin mediación _bn _2rdamedia |
||
| 338 |
_avolumen _bnc _2rdacarrier |
||
| 040 |
_aCO-BoRNBP _bspa _erda _cCO-BoRNBP |
||
| 084 | _aN GAR2 | ||
| 999 |
_c8441 _d8441 |
||